| 000 | 00653cam a22002293a 4500 | ||
|---|---|---|---|
| 001 | 2538 | ||
| 003 | PGUSA | ||
| 005 | 20140828083016.0 | ||
| 008 | 010301s2001||||xxu|||||s|||||000 1 eng d | ||
| 040 |
_aPGUSA _beng |
||
| 042 | _adc | ||
| 050 | 4 | _aPG | |
| 100 | 1 | _aSumanaru, Simona | |
| 245 | 1 | 0 |
_aPoems and Tales from Romania _h[electronic resource] / _cSimona Sumanaru |
| 260 |
_bProject Gutenberg, _c2001 |
||
| 506 | _aCopyrighted. Read the copyright notice inside this book for details. | ||
| 516 | _aElectronic text | ||
| 653 | _aFiction | ||
| 830 | 0 |
_aProject Gutenberg _v2538 |
|
| 856 | 4 | 0 | _uhttp://www.gutenberg.org/ebooks/2538 |
| 942 | _cEB | ||
| 999 |
_c231875 _d231875 |
||